Engelsk ordlegging 1 - Statistics

General Stats
  • This quiz has been taken 542 times
    295 since last reset
  • The average score is 20 of 30
Answer Stats
Hint Answer % Correct
Jeg mener/synes at I believe / I think
89%
Jeg skal I will / I am going to
89%
Hele mitt liv My whole life / All my life
86%
Jeg måtte I had to
85%
Jeg skulle ønske I wish
85%
Jeg tok feil I was wrong
82%
Noen få A few / Some
81%
Jeg pleide I used to
81%
Ingen av dem None of them
81%
Jeg vil (ønsker å / har lyst til) I want to
80%
Jeg gjorde det selv I did it myself
77%
Mer enn andre More than others
77%
Ingen person No person
74%
Forresten By the way
73%
Jeg gjorde en feil I made a mistake
73%
Så godt som As good as
71%
Etter min mening In my opinion
69%
Selv om Even though / Even if
68%
To ganger Twice
67%
Enten dette eller det Either this or that
65%
Én gang Once
65%
Samtidig At the same time
60%
De gjorde det selv They did it themselves
57%
Ta en avgjørelse/valg Make a decision/choice
56%
Verken dette eller det Neither this nor that
52%
Jeg pleier I usually
49%
Gå inn i Go into
48%
Det kan hende That may be / That might be
43%
Grunnen til at The reason why
17%
Enten det er korrekt eller ikke Whether it is correct or not
12%
No matching quizzes found
Score Distribution
Percent of People with Each Score
Percentile by Number Answered
Your Score History
You have not taken this quiz since the last reset